{"text_format":"3","workbook":"xlsx","n_sheets":2,"sheets":["Sheet1","Sheet1 (2)"],"not_rendered":{"images":2},"read":"whole","date_system":"1900"}

{"sheet":"Sheet1","index":0,"n_rows":94,"n_cols":10,"rows_kept":94,"merged":[[0,0,1,9],[2,0,2,7],[2,8,2,9],[4,1,8,1],[4,8,10,8],[4,9,10,9],[11,8,22,8],[11,9,22,9],[23,8,28,8],[23,9,28,9],[29,8,36,8],[30,7,36,7],[30,9,36,9],[37,8,57,8],[37,9,41,9],[38,7,41,7],[42,9,43,9],[44,9,54,9],[55,7,57,7],[55,9,57,9],[59,8,92,8],[59,9,70,9],[62,5,70,5],[62,6,70,6],[62,7,70,7],[71,9,73,9],[75,9,92,9]]}
["连云港绿化工程有限公司12月份月度计划物资采购报价单"]
[]
["拟采购计划（申购单位填写）"]
["序号","物品\n名称","规格\n型号","单位","数量","控制单价（元）","控制总价\n（元）","单价（含运费、增值税专票）（元）","单位","联系人电话"]
[1,"冲击钻钻头","圆头6#110","个",2,5,{"$f":"E5*F5","v":10},null,"裕达","毛舒舒18961338911"]
[2,null,"圆头8#150","个",2,5,10]
[3,null,"圆头10#150","个",2,5,10]
[4,null,"圆头12#200","个",2,8,16]
[5,null,"圆头14#200","个",2,8,16]
[6,"铜铝连接管","6平方","个",10,4,40]
[7,"铜铝连接管","10平方","个",10,4,40]
[8,"拖把","老式布条","个",2,20,40,null,"养殖","朱文波\n15961372231"]
[9,"剪刀","不锈钢","把",2,15,30]
[10,"大锤","20磅","把",1,50,50]
[11,"铜锁","40mm","把",2,10,20]
[12,"卡指",null,"只",4,4,{"$f":"E16*F16","v":16}]
[13,"漏电控开","2p32A","个",1,25,25]
[14,"漏电控开","2p40A","个",1,15,15]
[15,"玻璃胶","透明","个",2,18,36]
[16,"玻璃胶","白色","个",2,18,36]
[17,"结构胶",null,"支",2,10,20]
[18,"泡沫胶",null,"支",1,10,10]
[19,"钻头",null,"支",2,2,4]
[20,"圆铲子","大号","个",5,20,{"$f":"F24*E24","v":100},null,"益丰","徐明磊\n19901572122"]
[21,"草木灰","10kg","袋",20,14,280]
[22,"腐叶土","25kg","袋",20,7,140]
[23,"骨粉","5kg","袋",20,8,160]
[24,"花盆垫网",null,"个",150,0.5,75]
[25,"棕刷子",null,"个",6,4,24]
[26,"电动螺丝刀","充电式，梅花、平口、套筒、内六角四合一","套",1,500,500,"瑞马片区",null,"张岩\n15261315361"]
[27,"三轮车充电器",null,"个",1,200,200,"水管维修",null,"尤金1536660107"]
[28,"pvc内丝接头",25,"个",30,1,30]
[29,"接头",50,"个",20,2,40]
[30,"弯头",50,"个",10,4,40]
[31,"管",50,"米",40,8,{"$f":"SUM(E35*F35)","v":320}]
[32,"阀门",25,"个",100,7,700]
[33,"一次性手套","大号","盒",1,40,40]
[34,"高压冲洗车电瓶","超威1（6DZF-20.2）","组",2,1800,{"$f":"E38*F38","v":3600},"一组5.5块","大浦","杨卿\n13775585522"]
[35,"高梁扫把",null,"把",10,20,200,"环卫"]
[36,"高压打气筒",null,"个",1,30,30]
[37,"塑料扫把",null,"把",10,15,150]
[38,"透明胶带",null,"卷",1,5,5]
[39,"反光条",null,"卷",5,10,50,"绿化",null,"孙帮年\n18051495929"]
[40,"头盔",null,"个",30,15,450,"绿化"]
[41,"小轮总成","宇通","套",4,147,{"$f":"E45*F45","v":588},"车队",null,"杨卿\n13775585522"]
[42,"小轮油封","宇通","个",4,20,80,"车队"]
[43,"铜阀","1/2″（水泵）","个",10,30,300,"车队"]
[44,"铜阀","DN15","个",10,30,300,"车队"]
[45,"生胶带",null,"个",20,2,40,"车队"]
[46,"雨刷片",null,"副",5,40,200,"车队"]
[47,"清扫车吸管","宇通牌 （ø18CM）","米",4,100,400,"车队"]
[48,"水管接头",32,"个",10,8,80,"车队"]
[49,"橡胶软管","32#（50米/卷）","卷",2,245,490,"绿化水车用"]
[50,"红蓝口取纸",null,"本",1,10,10,"车队"]
[51,"车用尿素",null,"桶",10,30,300]
[52,"图板","110*70公分","块",1,305,305,"办公室",null,"房金鹤\n13851282408"]
[53,"图板","150*110公分","块",1,132,132]
[54,"消防责任贴",null,"块",100,0.13,13]
[55,"果皮箱内胆",null,"个",42,20,840,null,"环卫","王斌\n15205136482"]
[56,"不锈钢焊条",2.5,"盒",1,50,{"$f":"F60*E60","v":50},"市政","  翔立","刘金刚\n13851269436"]
[57,"除锈剂",null,"个",10,12,{"$f":"F61*E61","v":120},"市政"]
[58,"水鞋",null,"双",2,40,{"$f":"F62*E62","v":80},"市政"]
[59,"总开","NM1-4P/400A","只",1,5800,{"$f":"F63*E63","v":5800},"市政(隐患整改）"]
[60,"分开","NM1-4P/250A","只",1]
[61,"分开","NM1-4P/100A","只",2]
[62,"分开","NXB-3P/63A","只",2]
[63,"分开","NXB-2P/63A","只",2]
[64,"模数化插座","AC30","只",2]
[65,"动力柜","XL-21","个",1]
[66,"电压表",null,"个",1]
[67,"电流表",null,"个",1]
[68,"高压自粘胶",null,"箱",1,220,{"$f":"F72*E72","v":220},"路灯班组",null,"伏胜永\n18651736020"]
[69,"可兰素",null,"桶",4,180,720,"路灯班组"]
[70,"2×4铜芯护套线",null,"米",200,10,2000,"路灯班组"]
[71,"可移动立式单面白板","100*150（含：白板笔、板擦、磁粒、清洁剂等）","个",1,260,260,"钢纤维项目部",null,"袁桂诚\n13912161030"]
[73,"角磨机电池",null,"块",2,200,400,"（维修项目部）",null,"钱士好\n13815659456"]
[74,"手持角磨机",null,"台",1,500,500,"维修（维修项目部）"]
[75,"万用表电池","6F22,9V","节",2,5,{"$f":"F78*E78","v":10},"维修（维修项目部）"]
[76,"半圆挫","8#","把",2,30,60,"维修（维修项目部）"]
[77,"板搓","10#12#各1把","把",2,30,60,"维修（维修项目部）"]
[78,"圆搓","10#","把",1,20,20,"维修（维修项目部）"]
[79,"什锦锉",null,"套",1,15,15,"维修（维修项目部）"]
[80,"铸工胶",null,"盒",2,15,30,"维修（维修项目部）"]
[81,"洗手沙",null,"盒",1,20,20,"维修（维修项目部）"]
[82,"一次性手套",null,"盒",2,20,{"$f":"F85*E85","v":40},"维修（维修项目部）"]
[83,"沙纸","60目","张",10,1,10,"维修（维修项目部）"]
[84,"LED灯","24V手提式工作灯","盏",1,240,240,"维修（维修项目部）"]
[85,"焊条","3.2,2.5各1包","包",2,40,80,"维修（维修项目部）"]
[86,"碳刷","6*8*15MM","副",5,10,50,"维修（维修项目部）"]
[87,"开口线鼻","20A40A60A各20个","个",60,1,60,"维修（维修项目部）"]
[88,"钢板","2MM3MM各1块","块",2,800,1600,"维修（维修项目部）"]
[89,"自喷漆","白色","箱",1,120,120,"环卫车辆需调漆（维修项目部）"]
[90,"自喷漆","灰，黄各一箱","箱",2,120,240,"环卫车辆需调漆（维修项目部）"]
[{"$nulls":6},{"$f":"SUM(G5:G93)","v":24461}]

{"sheet":"Sheet1 (2)","index":1,"n_rows":94,"n_cols":12,"rows_kept":94,"merged":[[0,0,1,11],[2,0,2,8],[2,9,2,11],[4,10,5,10],[4,11,5,11],[6,10,23,10],[6,11,23,11],[24,10,31,10],[24,11,31,11],[32,10,37,10],[32,11,37,11],[38,10,69,10],[38,11,44,11],[45,11,69,11],[55,1,64,1],[55,9,64,9],[70,10,81,10],[71,9,73,9],[74,9,77,9],[79,9,81,9],[82,9,86,9],[82,10,90,10],[82,11,90,11],[91,10,92,10],[91,11,92,11]]}
["连云港绿化工程有限公司11月份五金类物资采购报价单"]
[]
["拟采购计划（申购单位填写）",{"$nulls":8},"（实际采购情况）采购单位填写"]
["序号","物品\n名称","规格\n型号","单位","数量","控制单价（元）","控制总价\n（元）","单价（含运费、增值税专票）（元）","总价（含运费、增值税专票）\n（元)","备注","单位","联系人电话"]
[1,"冲击钻","博士","套",1,1000,{"$f":"E5*F5","v":1000},{"$nulls":3},"裕达","毛舒舒18961338911\n\n"]
[2,"割草镰刀",null,"把",1,30,30]
[3,"结构胶","黑色","个",20,10,200,{"$nulls":3},"养殖","朱文波\n15961372231"]
[4,"结构胶枪",null,"把",1,20,20]
[5,"泡沫胶",null,"瓶",10,10,100]
[6,"玻璃胶","白色","支",2,10,20]
[7,"玻璃胶","透明","支",2,10,20]
[8,"箱式房铁皮","1.2米宽，长2.97米厚度1mm","块",6,120,720]
[9,"追尾丝","1cm","公斤",1,18,18]
[10,"追尾丝","2cm","公斤",1,18,18]
[11,"追尾丝","7cm","公斤",1,18,18]
[12,"验电笔",null,"支",2,30,60]
[13,"电工刀",null,"把",1,10,10]
[14,"老虎钳",null,"把",1,25,25]
[15,"电工螺丝刀","十字","把",1,10,10]
[16,"普通螺丝刀","平口","把",1,10,10]
[17,"活扳手","8寸","把",1,15,15]
[18,"电工工具包",null,"个",1,40,40]
[19,"帆布包",null,"个",1,30,30]
[20,"梯形刀片","电工刀用","盒",1,6,6]
[21,"三角阀",null,"个",1,20,20,{"$nulls":3},"益丰","徐明磊\n19901572122"]
[22,"透明树脂阳光板",null,"㎡",170,20,3400]
[23,"阳光板安装配件",null,"套",1,300,300]
[24,"电动车充电器",null,"个",1,50,50]
[25,"透明塑料布","2.8×6米","块",8,30,240]
[26,"透明塑料布","3.8×7米","块",13,50,650]
[27,"二月兰种子",null,"斤",5,20,100]
[28,"金鱼草种子",null,"克",200,0.4,80]
[29,"电工专用绝缘螺丝刀","一字","把",1,30,30,null,null,"11月采购","盐钙","于广华\n13812340612"]
[30,"电工专用绝缘螺丝刀","十字","把",1,30,30,null,null,"11月采购"]
[31,"电工胶布","耐温耐麿","卷",10,5,50,null,null,"11月采购"]
[32,"黄油","250g","盒",1,50,50,null,null,"11月采购"]
[33,"高温脂","250g","盒",2,30,60,null,null,"11月采购"]
[34,"东成原装锂电池","20v4.0","个",1,200,200,null,null,"附照片、11月采购"]
[36,"3.2焊条",null,"包",2,40,80,null,null,"市政班组","翔立","刘金刚\n13851269436"]
[37,"割据","G01—30(甲烷专用)","把",1,100,100,null,null,"市政班组"]
[38,"切割片","100片","盒",2,80,160,null,null,"市政班组"]
[39,"五孔插座","2十3","个",5,15,75,null,null,"市政班组"]
[40,"四孔插座","2十2","个",10,12,120,null,null,"市政班组"]
[41,"铜芯护套线"," 2*1.5 ","米",300,4,1200,null,null,"路灯班组"]
[42,"铜芯护套线"," 2*2.5  ","米",300,6.4,1920,null,null,"路灯班组"]
[87,"角磨机切割片","100#","盒",3,50,150,null,null,"维修(维修项目部）",null,"钱士好\n13815659456"]
[88,"升料带",null,"盘",20,3,60,null,null,"维修(维修项目部）"]
[89,"黄铜棒","直径5CM，长50CM","根",1,850,850,null,null,"维修(维修项目部）"]
[90,"黄铜棒","直径2CM，长100CM","根",1,240,240,null,null,"维修(维修项目部）"]
[91,"焊锡丝",null,"盘",1,60,60,null,null,"维修(维修项目部）"]
[92,"松香",null,"盒",1,20,20,null,null,"维修(维修项目部）"]
[93,"游标卡尺",null,"把",1,160,160,null,null,"维修(维修项目部）"]
[94,"除锈剂",null,"箱",1,450,450,null,null,"维修(维修项目部）"]
[95,"洗手沙",null,"箱",2,30,60,null,null,"维修(维修项目部）"]
[96,"挂锁","50MM","把",3,40,120,null,null,"维修(维修项目部）"]
[97,"螺丝","8#*20","套",50,0.4,20,null,null,"维修，强度8.8(维修项目部）"]
[98,null,"8#*30","套",50,0.4,20]
[99,null,"8#*40","套",50,0.4,20]
[100,null,"8#*50","套",50,0.5,30]
[101,null,"10#*30","套",50,0.6,30]
[102,null,"10#*40","套",50,0.6,30]
[103,null,"10#*50","套",50,0.7,35]
[104,null,"12#*40","套",50,1,50]
[105,null,"12#*50","套",50,1,50]
[106,null,"12#*60","套",50,1,50]
[150,"万用表","MF-47","块",1,50,50,null,null,"维修(维修项目部）"]
[151,"万向轮",null,"个",4,10,40,null,null,"黄油枪上用(维修项目部）"]
[152,"橡胶一次性手套",null,"盒",2,15,30,null,null,"维修(维修项目部）"]
[153,"黄油",null,"桶",2,200,400,null,null,"维修(维修项目部）"]
[154,"起动电源",null,"块",1,700,700,null,null,"维修(维修项目部）"]
[161,"灯泡","40W","个",4,30,{"$f":"F71*E71","v":120},null,null,"绿地片区\n孙银\n13812340619","绿化"]
[171,"手锯",null,"把",6,60,360,null,null,"瑞马片区\n张岩\n15261315361"]
[172,"配电盒盖子","pz30-15","个",3,40,120]
[173,"塑料薄膜",null,"卷",10,30,300]
[186,"防寒膜",null,"卷",150,50,7500,null,null,"久和片区\n金华\n15150932788\n"]
[188,"防水手套",null,"个",10,10,100]
[193,"安全帽",null,"个",10,30,300]
[202,"石灰",null,"袋",10,30,300]
[205,"工作牌",null,"个",80,1,80,null,null,"工程部\n金华\n15150932788"]
[211,"花洒",null,"套",1,650,650,null,null,"水管维修\n尤金\n15366660107"]
[212,"热熔机",null,"套",1,300,300]
[214,"菜池水龙头",null,"套",1,40,40]
[215,"塑料扫把",null,"把",15,20,{"$f":"E83*F83","v":300},null,null,"环卫专用","大浦","杨卿\n13775585522"]
[216,"自喷漆","天蓝色/235克","瓶",10,10,100]
[217,"洗衣粉","800克","袋",2,15,30]
[218,"一次性水杯",null,"袋",2,10,20]
[219,"扎带","灭火器扎带","捆",1,5,5]
[220,"尼龙丝",null,"盘",8,80,640]
[221,"移动电源","12V&24V通用","个",1,550,550,null,null,"车队"]
[222,"尿素","宇通专用","桶",10,32,320,null,null,"车队"]
[223,"电工胶布",null,"个",20,2,40,null,null,"车队"]
[224,"休息点大门锁",null,"把",15,1,15,null,null,"花果山大道一班休息点用","环卫","王斌\n15205136482"]
[225,"黄油枪",null,"元",80,1,80,null,null,"环卫公司垃圾清运车用"]
[{"$nulls":6},{"$f":"SUM(G5:G93)","v":27280}]